[Event "It"]
[Site "Platja de Muro ESP"]
[Date "2005.10.14"]
[Round "7"]
[White "Ubilava,E"]
[Black "Perez Candelario,Man"]
[Result "1/2-1/2"]
[WhiteElo "2525"]
[BlackElo "2522"]

1.d4 d5 2.c4 e6 3.Nf3 Nf6 4.Nc3 c6 5.e3 Nbd7 6.Bd3 dxc4 7.Bxc4 b5 8.Bd3 Bb7
9.e4 b4 10.Na4 c5 11.e5 Nd5 12.dxc5 Nxc5 13.Bb5+ Nd7 14.Bg5 Qa5 15.Bxd7+ Kxd7
16.O-O Be7 17.b3 Rhd8 18.Nb2 h6 19.Nc4 Qa6 20.Bxe7 Kxe7 21.Qd4 Kf8 22.Nd6 Kg8
23.Nd2 Qc6 24.f3 Ba6 25.Rfc1 Qb6 26.Qxb6 axb6 27.a3 bxa3 28.Rxa3 Bd3 29.Rxa8 Rxa8
30.Rc8+ Rxc8 31.Nxc8 Ba6 32.Nd6  1/2-1/2

[Event "TCh-CZE Extraliga 2005-6"]
[Site "Czech Rep CZE"]
[Date "2005.10.15"]
[Round "1"]
[White "Orsag,Mil1"]
[Black "Sosna,J"]
[Result "1-0"]
[WhiteElo "2408"]
[BlackElo "2414"]

1.d4 d5 2.Nf3 c6 3.c4 e6 4.e3 Nf6 5.Nc3 Nbd7 6.Bd3 Bd6 7.O-O O-O 8.e4 dxc4
9.Bxc4 e5 10.h3 b5 11.Bb3 Bb7 12.Bg5 a6 13.Re1 Re8 14.a3 h6 15.Bh4 c5 16.dxc5 Nxc5
17.Bd5 g5 18.Bxb7 Nxb7 19.Bg3 Rc8 20.Qd2 Na5 21.Rad1 Nc4 22.Qe2 Qe7 23.Nd5 Nxd5
24.Rxd5 f6 25.Red1 Red8 26.Nh2 Nb6 27.R5d3 Bc7 28.Ng4 Kg7 29.Ne3 Qf8 30.Nf5+ Kh7
31.h4 Rxd3 32.Rxd3 Rd8 33.hxg5 fxg5 34.Rc3 Nc4 35.b3 Ba5 36.Rc2 Nd6 37.Rc6 Nxf5
38.exf5 Rd6 39.Rxd6 Qxd6 40.Bxe5 Qd5 41.b4 Bb6 42.g4 h5 43.Bf6 Qd6 44.Be5 Qc6
45.gxh5 Qc1+ 46.Kh2 Qxa3 47.Bd6 Qc3 48.Qe7+ Kh6 49.Qf7 Qg7 50.Bf8  1-0

[Event "TCh-CZE Extraliga 2005-6"]
[Site "Czech Rep CZE"]
[Date "2005.10.15"]
[Round "1"]
[White "Czakon,J"]
[Black "Stohl,I"]
[Result "1/2-1/2"]
[WhiteElo "2477"]
[BlackElo "2533"]

1.d4 Nf6 2.c4 c6 3.Nc3 d5 4.e3 e6 5.Nf3 Nbd7 6.Qc2 b6 7.b3 Bb7 8.Bb2 Bd6
9.Bd3 O-O 10.O-O c5 11.cxd5 exd5 12.dxc5 bxc5 13.e4 d4 14.Nb5 Bf4 15.g3 Bb8
16.Ba3 Ng4  1/2-1/2

[Event "TCh-NED 2005-6"]
[Site "Netherlands NED"]
[Date "2005.10.15"]
[Round "2"]
[White "Winants,L"]
[Black "Ernst,S"]
[Result "1-0"]
[WhiteElo "2529"]
[BlackElo "2473"]

1.d4 Nf6 2.c4 c6 3.Nc3 d5 4.e3 e6 5.Nf3 Nbd7 6.Ne5 Nxe5 7.dxe5 Nd7 8.f4 a6
9.cxd5 cxd5 10.Bd3 b5 11.O-O g6 12.b3 Bg7 13.Bb2 Nc5 14.Bc2 b4 15.Ne2 Ne4
16.Bd4 Bb7 17.Ng3 Rc8 18.Bd3 Nc3 19.Qf3 f5 20.exf6 Bxf6 21.Qg4 Kd7 22.f5 e5
23.fxg6+ Kc7 24.Nh5 exd4 25.Rxf6 Kb8 26.g7  1-0

[Event "Goodbye Summer Open"]
[Site "Omis CRO"]
[Date "2005.10.15"]
[Round "8"]
[White "Kovacevic,B"]
[Black "Brumen,D"]
[Result "1-0"]
[WhiteElo "2493"]
[BlackElo "2362"]

1.d4 d5 2.c4 e6 3.Nf3 Nf6 4.Nc3 c6 5.e3 Nbd7 6.Bd3 Bd6 7.e4 dxe4 8.Nxe4 Nxe4
9.Bxe4 e5 10.O-O exd4 11.Bg5 Qc7 12.Qxd4 O-O 13.Rfe1 h6 14.Bh4 c5 15.Qc3 Ne5
16.Rad1 Nxf3+ 17.Qxf3 Be6 18.Bc2 Be7 19.Bg3 Qb6 20.Be5 Rfd8 21.Rxd8+ Rxd8
22.Qe4 g6 23.Bc3 Qc7 24.Qe2 Kh7 25.g3 Bf8 26.Be5 Bd6 27.Bc3 Bf8 28.h4 Bg7
29.Bxg6+ fxg6 30.Qxe6 Bxc3 31.bxc3 Rf8 32.Rd1 Rf7 33.Rd6 Rg7 34.h5 gxh5 35.Qxh6+ Kg8
36.Rg6 Rxg6 37.Qxg6+ Kf8 38.Qxh5 Qa5 39.g4 Qxc3 40.Qxc5+ Kg7 41.Qxa7 Qe1+
42.Kh2 Qe4 43.Qe3 Qxc4 44.a3 b5 45.Kg3 Qf1 46.f4 Kf6 47.Qe5+ Kf7 48.Kh4 Qf3
49.Kg5 Qxa3 50.Qxb5 Qe7+ 51.Kh5 Qe3 52.Qd7+ Kg8 53.f5 Qf3 54.Qe6+ Kh7 55.f6  1-0

[Event "Chigorin Mem"]
[Site "St Petersburg RUS"]
[Date "2005.10.15"]
[Round "1"]
[White "Minina,V"]
[Black "Van de Oudeweetering,A"]
[Result "0-1"]
[WhiteElo "2063"]
[BlackElo "2371"]

1.d4 d5 2.c4 c6 3.Nc3 Nf6 4.e3 e6 5.Nf3 Nbd7 6.Qc2 Bd6 7.b3 O-O 8.Be2 e5
9.cxd5 cxd5 10.Nb5 Bb4+ 11.Bd2 Bxd2+ 12.Nxd2 a6 13.Nc7 Ra7 14.Nf3 e4 15.Nd2 Nb8
16.Qc5 b6 17.Qxb6 Qxc7 18.Qb4 Bg4 19.Bxg4 Nxg4 20.Ke2 Nd7 21.Rac1 Qb8 22.Qc3 Qb5+
23.Ke1 a5 24.h3 Ngf6 25.a4 Qa6 26.g4 Nb6 27.Qb2 Raa8 28.Nb1 Rfc8 29.Nc3 Qd3  0-1

[Event "TCh-CZE Extraliga 2005-6"]
[Site "Czech Rep CZE"]
[Date "2005.10.16"]
[Round "2"]
[White "Firt,S"]
[Black "Kopal,J"]
[Result "1-0"]
[WhiteElo "2352"]
[BlackElo "2308"]

1.c4 c6 2.Nf3 d5 3.d4 Nf6 4.Nc3 e6 5.e3 Nbd7 6.Qc2 Bd6 7.g4 h6 8.Rg1 Qe7
9.h4 dxc4 10.Bxc4 Nd5 11.Bd2 Nxc3 12.Bxc3 b5 13.Be2 Bb7 14.d5 exd5 15.Bxg7 Rg8
16.Bxh6 a6 17.O-O-O c5 18.Qf5 O-O-O 19.Rxd5 Bxd5 20.Qxd5 Nb6 21.Qc6+ Qc7
22.Qxc7+ Kxc7 23.Bg5 Rdf8 24.h5 Nd7 25.Bh6 Re8 26.Nh4 Nf6 27.Nf5 Bf8 28.Bf4+ Kb6
29.g5 Nd5 30.Bh2 c4 31.h6 Bc5 32.Bh5 Rgf8 33.h7 Rh8 34.Bxf7 Rxh7 35.Bxe8 Rxh2
36.g6 Rxf2 37.g7 c3 38.b4 Nxb4 39.g8=Q Rc2+ 40.Kd1 Rd2+ 41.Kc1 Nd3+ 42.Kb1 c2+
43.Ka1 Rd1+ 44.Rxd1 cxd1=N  1-0

[Event "Femida w"]
[Site "Kharkiv UKR"]
[Date "2005.10.16"]
[Round "1"]
[White "Maiko,J"]
[Black "Dvoretska,O"]
[Result "1/2-1/2"]
[WhiteElo "2195"]
[BlackElo "2122"]

1.d4 d5 2.c4 e6 3.Nc3 Nf6 4.Nf3 c6 5.e3 Nbd7 6.Bd3 Bd6 7.O-O O-O 8.e4 dxe4
9.Nxe4 Nxe4 10.Bxe4 Nf6 11.Bc2 h6 12.h3 Qc7 13.Re1 Rd8 14.Qe2 Bf4 15.Bxf4 Qxf4
16.Rad1 Bd7 17.Qe5 Qxe5 18.dxe5 Ne8 19.Nd2 Kf8  1/2-1/2

[Event "Chigorin Mem"]
[Site "St Petersburg RUS"]
[Date "2005.10.17"]
[Round "3"]
[White "Dobrov,V"]
[Black "Orlov,N2"]
[Result "1-0"]
[WhiteElo "2515"]
[BlackElo "2283"]

1.d4 d5 2.c4 c6 3.Nc3 Nf6 4.e3 e6 5.Nf3 Nbd7 6.Qc2 b6 7.g4 Nxg4 8.e4 dxe4
9.Qxe4 Ngf6 10.Qxc6 Rb8 11.Qa4 Bb7 12.Be2 a6 13.Rg1 Qc7 14.Ne5 Bd6 15.Rxg7 Bxe5
16.dxe5 Bc6 17.Qa3 Qxe5 18.Be3 Rg8 19.Rxg8+ Nxg8 20.O-O-O Ne7 21.Rg1 Qxh2
22.Rg3 Nc5 23.Bxc5 bxc5 24.Qxc5 Qh1+ 25.Kc2 Be4+ 26.Nxe4 Qxe4+ 27.Bd3 Qb7
28.b3 Ng6 29.Rh3 Nf8 30.Qe5 Rd8 31.Be4 Qb6 32.c5 Qb5 33.Rd3 Nd7 34.Qg3 Qxc5+
35.Rc3 Qe5 36.Bxh7 Qe2+ 37.Kb1 Nf6 38.Bc2 Nd5 39.Rd3 Rc8 40.Qg8+  1-0

[Event "SCG First League m"]
[Site "Vrnjacka Banja SCG"]
[Date "2005.10.17"]
[Round "1"]
[White "Marcetic,N"]
[Black "Nadj Hedjesi,B"]
[Result "1-0"]
[WhiteElo "2396"]
[BlackElo "2378"]

1.d4 d5 2.c4 c6 3.Nc3 Nf6 4.e3 e6 5.Nf3 Nbd7 6.Qc2 Bd6 7.Bd3 O-O 8.O-O dxc4
9.Bxc4 b5 10.Be2 Bb7 11.Rd1 Qb8 12.e4 e5 13.g3 Re8 14.a3 a5 15.Bg5 exd4 16.Nxd4 b4
17.Nf5 Bc5 18.axb4 axb4 19.Rxa8 Bxa8 20.Na4 b3 21.Qc1 Bf8 22.Nc3 h6 23.Bf4 Qb4
24.f3 Ne5 25.Kg2 Bb7 26.Bxe5 Rxe5 27.Qf4 Re6 28.Rd4 Qb6 29.Bc4 Re8 30.Nxh6+ gxh6
31.Qxf6 Re7 32.Nd5  1-0

[Event "31st Guernsey Open"]
[Site "Cobo Bay GCI"]
[Date "2005.10.19"]
[Round "4"]
[White "Hillarp Persson,T"]
[Black "Goater,Kev"]
[Result "1/2-1/2"]
[WhiteElo "2534"]
[BlackElo "2178"]

1.d4 d5 2.c4 c6 3.Nc3 e6 4.e3 Nf6 5.Nf3 Nbd7 6.Bd3 Be7 7.O-O dxc4 8.Bxc4 O-O
9.e4 b5 10.Bd3 a6 11.e5 Nd5 12.Qe2 Nxc3 13.bxc3 Bb7 14.Qe4 g6 15.Bh6 Re8
16.h4 Bf8 17.Bxf8 Nxf8 18.Qf4 c5 19.Ng5 Qe7 20.Be4 h6 21.Nf3 Bxe4 22.Qxe4 cxd4
23.cxd4 Rac8 24.a4 b4 25.a5 Rc3 26.Rab1 Rb8 27.Qf4 Kg7 28.Rfe1 Ra3 29.d5 Rxa5
30.d6 Qd8 31.Rxb4 Rab5 32.Rc4 Nd7 33.Rc7 Rb4 34.Re4 a5 35.Rec4 Rxc4 36.Qxc4 Rb4
37.Qa6 Nxe5 38.Kf1 Nxf3 39.gxf3 Qxh4 40.Qxa5 Qh1+ 41.Ke2 Rb2+ 42.Ke3 Rb3+
43.Kd2 Qxf3 44.Qe5+ Kh7 45.Kc1 Qxf2 46.Rc8 Qf1+ 47.Kd2 Qd3+  1/2-1/2

[Event "zt 3.3 w"]
[Site "Beijing CHN"]
[Date "2005.10.20"]
[Round "1"]
[White "Li Ruofan"]
[Black "Ruan Lufei"]
[Result "1/2-1/2"]
[WhiteElo "2398"]
[BlackElo "2345"]

1.d4 d5 2.c4 c6 3.Nc3 Nf6 4.e3 e6 5.Nf3 Nbd7 6.Bd3 dxc4 7.Bxc4 b5 8.Bd3 b4
9.Ne4 Nxe4 10.Bxe4 Bb7 11.O-O Bd6 12.a3 bxa3 13.b4 Nf6 14.Bd3 Nd5 15.Bxa3 Nxb4
16.Bxb4 Bxb4 17.Ba6 Rb8 18.Ne5 Ba8 19.f4 Bd6 20.Bd3 O-O 21.Qh5 g6 22.Qh6 c5
23.Nxg6 fxg6 24.Rxa7 Rb7 25.Rxb7 Bxb7 26.Bxg6 hxg6 27.Qxg6+ Kh8 28.Qh6+ Kg8
29.Qg6+ Kh8 30.dxc5 Bc7 31.Qh6+ Kg8 32.Qg6+ Kh8 33.c6 Bc8 34.Qh6+ Kg8 35.Qg6+ Kh8
36.Qh6+ Kg8 37.Qg6+ Kh8 38.Qh6+  1/2-1/2

[Event "SCG First League m"]
[Site "Vrnjacka Banja SCG"]
[Date "2005.10.20"]
[Round "4"]
[White "Milanovic,Da"]
[Black "Kalezic,B"]
[Result "1-0"]
[WhiteElo "2464"]
[BlackElo "2445"]

1.d4 d5 2.c4 c6 3.Nf3 Nf6 4.Nc3 e6 5.e3 Nbd7 6.Qc2 Bd6 7.g4 dxc4 8.Bxc4 b6
9.e4 e5 10.g5 Nh5 11.Be2 g6 12.Be3 O-O 13.O-O-O Qe7 14.dxe5 Nxe5 15.Nd4 Bc5
16.Bxh5 gxh5 17.f4 Nf3 18.Qf2 Nxd4 19.Bxd4 Bxd4 20.Qxd4 Bg4 21.Qd6 Rfe8 22.Qxe7 Rxe7
23.Rd6 Rc8 24.h3 Bf3 25.Re1 b5 26.Rd3 b4 27.Rxf3 bxc3 28.Rxc3 Kg7 29.Kd2 Rd8+
30.Rd3 Rb8 31.Kc3 c5 32.Rde3 a5 33.R1e2 Rb4 34.a3 Rd4 35.b3 h4 36.f5 Re5
37.Kc2 h6 38.gxh6+ Kxh6 39.Rc3 a4 40.Rc4 axb3+ 41.Kxb3 Rd3+ 42.Rc3 Rd4 43.a4 Rb4+
44.Ka3 Rd4 45.Ree3 Kg5 46.a5 Kf4 47.Kb2 Rexe4 48.Rxe4+ Kxe4 49.a6 Kxf5 50.a7 Rd8
51.Rxc5+ Kf4 52.Ra5 Ra8 53.Ra3 Ke4 54.Kc2 f6 55.Kd2 Kf4 56.Ra4+ Kf5 57.Ke3 Kg5
58.Ra5+ Kg6 59.Kf4 Kg7 60.Kg4 Kf7 61.Kxh4 Kg6 62.Kg4 Kf7 63.Kf5 Kg7 64.Ra6  1-0

[Event "31st Guernsey Open"]
[Site "Cobo Bay GCI"]
[Date "2005.10.21"]
[Round "6"]
[White "Hensbergen,W"]
[Black "Korneev,O"]
[Result "0-1"]
[WhiteElo "2106"]
[BlackElo "2601"]

1.d4 d5 2.c4 e6 3.Nc3 c6 4.Nf3 Nf6 5.e3 Nbd7 6.Bd3 dxc4 7.Bxc4 b5 8.Bd3 Bb7
9.e4 b4 10.Na4 c5 11.e5 Nd5 12.dxc5 Nxc5 13.Nxc5 Bxc5 14.Qa4+ Kf8 15.Bg5 Qb6
16.O-O h6 17.Bd2 g6 18.a3 Kg7 19.Be4 a5 20.Rac1 Nc3 21.bxc3 Bxe4 22.axb4 axb4
23.Qb3 Bd5 24.Qd1 b3 25.Rb1 Bc4 26.Nd4 Bxd4 27.cxd4 Bxf1  0-1

[Event "Chigorin Mem"]
[Site "St Petersburg RUS"]
[Date "2005.10.21"]
[Round "7"]
[White "Shimanov,A"]
[Black "Fedorovtsev,I"]
[Result "1-0"]
[WhiteElo "2279"]
[BlackElo "2070"]

1.d4 d5 2.c4 c6 3.Nc3 Nf6 4.Nf3 e6 5.e3 Nbd7 6.Qc2 b6 7.Bd3 Bb7 8.O-O Be7
9.cxd5 cxd5 10.Ne5 O-O 11.f4 Rc8 12.Qb1 Re8 13.Bd2 a6 14.g4 Nf8 15.g5 N6d7
16.Ng4 f5 17.gxf6 Nxf6 18.Ne5 N6d7 19.Qd1 Nxe5 20.fxe5 Bh4 21.Kh1 g6 22.Qg4 Rc7
23.Rf3 Rf7 24.Rxf7 Kxf7 25.Ne2 Bg5 26.Bb4 Kg7 27.Rf1 Be7 28.Bd2 Bg5 29.Nf4 Qe7
30.Bb4 Qxb4 31.Qxg5 Qe7 32.Nh5+ Kg8 33.Nf6+  1-0

[Event "Chigorin Mem"]
[Site "St Petersburg RUS"]
[Date "2005.10.21"]
[Round "7"]
[White "Mukhlisov,V"]
[Black "Potyavin,I"]
[Result "1-0"]
[WhiteElo "2119"]
[BlackElo "2048"]

1.d4 Nf6 2.c4 e6 3.Nc3 d5 4.Nf3 c6 5.e3 Nbd7 6.Qc2 Bd6 7.g4 Nxg4 8.Rg1 h5
9.h3 Nh6 10.Bd2 Qf6 11.Be2 Qf5 12.e4 dxe4 13.Nxe4 Be7 14.Rxg7 Nf6 15.Nfg5 Kf8
16.Bd3 Kxg7 17.Ng3 Qg6 18.Bxg6 fxg6 19.O-O-O h4 20.Ne2 Nh5 21.Qe4 Bf6 22.Nf4 Nxf4
23.Bxf4 Nf5 24.Nf3 Bd7 25.Ne5 Rad8 26.Ng4 Rhf8 27.Nxf6 Kxf6 28.Qe5+ Kf7 29.Bg5 Rg8
30.Bxd8 Rxd8 31.Qc7  1-0

[Event "SCG First League m"]
[Site "Vrnjacka Banja SCG"]
[Date "2005.10.21"]
[Round "5"]
[White "Popov,Si1"]
[Black "Markovic,Iv SCG"]
[Result "1/2-1/2"]
[WhiteElo "2476"]
[BlackElo "2480"]

1.d4 Nf6 2.c4 c6 3.Nc3 d5 4.Nf3 e6 5.e3 Nbd7 6.Bd3 dxc4 7.Bxc4 b5 8.Be2 b4
9.Na4 Bb7 10.O-O Be7 11.b3 O-O 12.Bb2 c5 13.Rc1 Rc8 14.Qd3 Ne4 15.Rfd1 Nb6
16.Nxc5 Bxc5 17.dxc5 Qxd3 18.Rxd3 Nxc5 19.Rd4 Ne4 20.Rxc8 Rxc8 21.Bd3 Nc5
22.Bb1 Nca4 23.bxa4 Nxa4 24.Rxb4 Nxb2 25.h4 Bxf3 26.gxf3 Nc4 27.Rb7 Nd2  1/2-1/2

[Event "II Open"]
[Site "Calvia ESP"]
[Date "2005.10.22"]
[Round "2"]
[White "Del Rio Angelis,S"]
[Black "Barcelo,P"]
[Result "1-0"]
[WhiteElo "2489"]
[BlackElo "2247"]

1.d4 d5 2.c4 c6 3.Nc3 Nf6 4.Nf3 e6 5.e3 Nbd7 6.Qc2 Bd6 7.Bd3 O-O 8.O-O dxc4
9.Bxc4 b5 10.Bd3 Bb7 11.a3 Qe7 12.Ng5 h6 13.Nge4 a6 14.Nxd6 Qxd6 15.Ne4 Nxe4
16.Bxe4 f5 17.Bf3 e5 18.Bd2 e4 19.Be2 c5 20.dxc5 Qxc5 21.Rac1 Qxc2 22.Rxc2 Rac8
23.Rfc1 Rxc2 24.Rxc2 Rc8 25.Rxc8+ Bxc8 26.Bd1 Nb6 27.Bc3 Be6 28.Kf1 Kf7 29.Ke1 g6
30.Bd4 Nc4 31.Bc3 Bd5 32.b3 Nd6 33.Kd2 Ke6 34.Bg7 h5 35.Kc3 Nb7 36.a4 bxa4
37.bxa4 Nc5 38.f3 a5 39.Bf8 Nd7 40.Bg7 Nc5 41.f4 Bc6 42.Kc4 Bxa4 43.Bxa4 Nxa4  1-0

[Event "Essent Open"]
[Site "Hoogeveen NED"]
[Date "2005.10.22"]
[Round "2"]
[White "Wells,P"]
[Black "Habu,Y"]
[Result "0-1"]
[WhiteElo "2513"]
[BlackElo "2341"]

1.d4 d5 2.c4 c6 3.Nf3 Nf6 4.Nc3 e6 5.e3 Nbd7 6.Bd3 dxc4 7.Bxc4 b5 8.Be2 b4
9.Na4 Bd6 10.e4 Nxe4 11.Qc2 f5 12.Ng5 Nxg5 13.Qxc6 Ne4 14.Qxa8 O-O 15.Qc6 Ndf6
16.f3 Bd7 17.Qa6 Bxa4 18.Qxa4 Bxh2 19.Rxh2 Qxd4 20.fxe4 Nxe4 21.Rh1 Qf2+
22.Kd1 Rd8+ 23.Kc2 Qxe2+ 24.Kb1 Nc3+ 25.bxc3 bxc3 26.Ba3 Rb8+ 27.Qb3 Qd3+
28.Kc1 Qd2+  0-1

[Event "Essent Open"]
[Site "Hoogeveen NED"]
[Date "2005.10.22"]
[Round "2"]
[White "Kulago,A"]
[Black "Wempe,Jo"]
[Result "0-1"]
[WhiteElo "2103"]
[BlackElo "2221"]

1.Nf3 d5 2.d4 Nf6 3.c4 e6 4.Nc3 c6 5.e3 Nbd7 6.Bd3 dxc4 7.Bxc4 b5 8.Bd3 a6
9.e4 c5 10.e5 cxd4 11.Nxb5 Ng4 12.Qa4 Bb7 13.Nbxd4 Qb6 14.O-O Bc5 15.h3 Bxf3
16.hxg4 Bd5 17.Be3 O-O 18.Rfc1 Qb7 19.Bf1 Bb6 20.Nc6 Bxe3 21.fxe3 Nb6 22.Qc2 Rfc8
23.Bxa6 Rxa6 24.Ne7+ Qxe7 25.Qxc8+ Nxc8 26.Rxc8+ Qf8 27.Rxf8+ Kxf8 28.a4 Rb6
29.Rb1 Be4  0-1

[Event "Bundesliga 2005-6"]
[Site "Wattenscheid GER"]
[Date "2005.10.22"]
[Round "1"]
[White "Straeter,T"]
[Black "Sebastian,D"]
[Result "1/2-1/2"]
[WhiteElo "2342"]
[BlackElo "2362"]

1.d4 d5 2.c4 e6 3.Nc3 c6 4.e3 Nf6 5.Nf3 Nbd7 6.Qc2 Bd6 7.Bd2 O-O 8.O-O-O e5
9.cxd5 exd4 10.Nxd4 cxd5 11.Nf5 Ne5 12.Nxd6 Qxd6 13.Nb5 Qe7 14.Qc7 Bd7 15.Qd6 Rfc8+
16.Bc3 Qe6 17.f3 Nc4 18.Qxe6 fxe6 19.Bxc4 Rxc4 20.Na3 Rcc8 21.Kd2 Be8 22.Bd4 a6
23.Rc1 Bg6  1/2-1/2

[Event "zt 3.3"]
[Site "Beijing CHN"]
[Date "2005.10.23"]
[Round "5"]
[White "Wang Rui"]
[Black "Zhou Weiqi"]
[Result "1-0"]
[WhiteElo "2474"]
[BlackElo "2416"]

1.d4 e6 2.c4 d5 3.Nc3 c6 4.Nf3 Nf6 5.e3 a6 6.a4 a5 7.Be2 Na6 8.O-O Nb4 9.Bd2 Be7
10.Ne5 O-O 11.Qb3 Nd7 12.Nxd7 Bxd7 13.e4 c5 14.cxd5 cxd4 15.Nb5 exd5 16.e5 Nc6
17.Bf4 Be6 18.Rad1 Qb6 19.Qg3 Kh8 20.Bd3 Qd8 21.Bb1 Rc8 22.Nd6 Bxd6 23.exd6 Qd7
24.Qd3 f5 25.Qb5 h6 26.h4 Bg8 27.Rxd4 Qd8 28.Rd3 Qxh4 29.g3 Qf6 30.Qxb7 d4
31.Qb5 Qe6 32.Rdd1 Qd5 33.Rfe1 Rcd8 34.Rc1 Qf3 35.Rc5 Nb4 36.Qe2 Qa8 37.Rxf5 d3
38.Bxd3 Nxd3 39.Qxd3 Rxf5 40.Qxf5 Qf3 41.Qe4 Qh5 42.Qe7  1-0

[Event "Essent Open"]
[Site "Hoogeveen NED"]
[Date "2005.10.23"]
[Round "3"]
[White "Cebalo,M"]
[Black "Slingerland,F"]
[Result "1/2-1/2"]
[WhiteElo "2512"]
[BlackElo "2325"]

1.d4 d5 2.c4 c6 3.Nf3 Nf6 4.Nc3 e6 5.e3 Nbd7 6.Bd3 dxc4 7.Bxc4 b5 8.Be2 a6
9.e4 b4 10.e5 bxc3 11.exf6 Nxf6 12.bxc3 Bd6 13.O-O Qc7 14.Bd3 c5 15.Re1 O-O
16.Bg5 Be7 17.Qe2 Bb7 18.Ne5 cxd4 19.cxd4 Qd6 20.Rab1 Bd5 21.a4 a5 22.Rb5 Rfb8
23.Bxf6 Bxf6 24.Bxh7+ Kf8 25.Bd3 Rxb5 26.Bxb5 Bxe5 27.dxe5 Qb4 28.Rc1 Qf4
29.Rc7 Qg5 30.g3 Qf5 31.Qe3 Rd8 32.Bf1 Qf3 33.Qxf3 Bxf3 34.Rc3 Bd1 35.Bb5 g5
36.Kg2 g4 37.Kf1 Rd4 38.Rd3 Rxd3 39.Bxd3 Bxa4 40.Ke1 Bc6 41.Kd2 f6 42.exf6 Kf7
43.Be2 Bf3 44.h4 Kxf6 45.Bb5 Bd5 46.Kc3 Ke5 47.Bd3 Kf6 48.Bc2 Bc6 49.Kb3 Be8
50.Ka3 Ke5 51.Bd1 Bh5 52.Ka4  1/2-1/2

[Event "zt 2.4"]
[Site "Sao Paulo BRA"]
[Date "2005.10.23"]
[Round "2"]
[White "Leitao,R"]
[Black "El Debs,F"]
[Result "0-1"]
[WhiteElo "2586"]
[BlackElo "2341"]

1.d4 d5 2.c4 c6 3.Nf3 Nf6 4.e3 e6 5.Nc3 Nbd7 6.Qc2 Bd6 7.Be2 O-O 8.O-O Re8
9.Rd1 Qe7 10.b3 b6 11.Bb2 Bb7 12.Rac1 Rac8 13.Qb1 c5 14.cxd5 exd5 15.Qf5 a6
16.dxc5 bxc5 17.Nxd5 Bxd5 18.Rxd5 Nxd5 19.Qxd5 Ne5 20.Bxe5 Bxe5 21.Bxa6 Bb2
22.Rb1 Ra8 23.Bc4 Red8 24.Qf5 g6 25.Qc2 Ba3 26.h4 Qf6 27.e4 Ra7 28.Bd5 Re7
29.Rd1 Rdd7 30.Rd3 Qa1+ 31.Kh2 Qf6 32.Qd1 Kg7 33.g3 Qb2 34.Kg2 Qf6 35.h5 Rd8
36.Nh2 Bb2 37.f4 Qa6 38.a4 f5 39.Qd2 Bd4 40.Rxd4 cxd4 41.Qxd4+ Kh6 42.Qc4 Qxc4
43.bxc4 fxe4 44.Ng4+ Kxh5 45.Ne5 Ra7 46.Bxe4 Rd2+ 47.Kh3 Rxa4 48.Nf7 Ra3
49.Ne5 Rd4 50.Bf3+ Kh6 51.c5 Rc3 52.c6 Kg7 53.Kg4 Kf6 54.Nd7+ Ke7 55.Ne5 Ra4
56.Kg5 Ra5 57.Bg4 Rxc6 58.Kh6 Rc3 59.Nf3 Rxf3 60.Bxf3 Ra3 61.Be4 Rxg3 62.f5 Kf6  0-1

[Event "Chigorin Mem"]
[Site "St Petersburg RUS"]
[Date "2005.10.23"]
[Round "9"]
[White "Andreikin,D"]
[Black "Vitiugov,N"]
[Result "1/2-1/2"]
[WhiteElo "2458"]
[BlackElo "2538"]

1.d4 d5 2.Nf3 Nf6 3.c4 e6 4.Nc3 c6 5.e3 Nbd7 6.Qc2 Bd6 7.b3 O-O 8.Bd3 e5
9.cxd5 cxd5 10.Nb5 Bb4+ 11.Bd2 Bxd2+ 12.Nxd2 e4 13.Be2 a6 14.Nc7 Ra7 15.O-O Nb8
16.Rfc1 b6 17.b4 Bg4 18.Bxg4 Nxg4 19.h3 Nf6 20.b5 a5 21.a4 Qd6 22.Na6 Nxa6
23.bxa6 Rxa6 24.Qc6 Qe7  1/2-1/2

[Event "5th Rohde Open"]
[Site "Sautron FRA"]
[Date "2005.10.24"]
[Round "3"]
[White "Benitah,Y"]
[Black "Geller,J"]
[Result "0-1"]
[WhiteElo "2409"]
[BlackElo "2490"]

1.d4 d5 2.c4 e6 3.Nc3 c6 4.e3 Nf6 5.Nf3 Nbd7 6.Qc2 Bd6 7.g4 dxc4 8.Bxc4 e5
9.g5 Nd5 10.dxe5 Nxe5 11.Nxe5 Bxe5 12.Qe4 Qxg5 13.Bxd5 cxd5 14.Nxd5 Be6 15.h4 Qf5
16.Qa4+ Bd7 17.Qb4 Qe6 18.Nf4 Qe7 19.Qxe7+ Kxe7 20.Rg1 Bc6 21.Bd2 Bxb2 22.Rb1 Be5
23.Bb4+ Kd7 24.Nh5 a5 25.Bd2 g6 26.f4 Bd6 27.Nf6+ Ke6 28.Ng4 Rhc8 29.Ke2 Be4
30.Rb2 a4 31.Nf2 Bd5 32.e4 Bc4+ 33.Kf3 b5 34.Be3 b4 35.Rd1 Be7 36.f5+ gxf5
37.exf5+ Kxf5 38.Rd4 Ra5 39.Rc2 Ba6 40.Rf4+ Ke6 41.Re4+ Re5 42.Rxe5+ Kxe5
43.Nd3+ Kf5 44.Nc5 b3 45.axb3 axb3 46.Nxb3 Bb7+ 47.Kg3 Bd6+ 48.Kh3 Rxc2 49.Nd4+ Ke4  0-1

[Event "Open A"]
[Site "Arco HUN"]
[Date "2005.10.25"]
[Round "4"]
[White "De Santis,A"]
[Black "Luther,T"]
[Result "0-1"]
[WhiteElo "2331"]
[BlackElo "2569"]

1.d4 d5 2.c4 e6 3.Nc3 c6 4.e3 Nf6 5.Nf3 a6 6.Bd3 dxc4 7.Bxc4 b5 8.Bd3 c5
9.O-O Nbd7 10.a3 Bb7 11.Bc2 Qb8 12.Qe2 Bd6 13.h3 O-O 14.Rd1 Rc8 15.Ng5 h6
16.Nge4 Be7 17.Nxf6+ Nxf6 18.dxc5 Bxc5 19.e4 Qe5 20.Be3 Nh5 21.Bxc5 Rxc5
22.Rd7 Bc6 23.Rd2 Nf4 24.Qf3 Be8 25.Rad1 a5 26.Bb1 Rac8 27.Ne2 Nxe2+ 28.Qxe2 g5
29.g3 Kg7 30.Bd3 b4 31.axb4 axb4 32.Qe3 Rc1 33.Rxc1 Rxc1+ 34.Kh2 Qc5 35.Qxc5 Rxc5
36.Kg2 Rc1 37.f4 Bc6 38.Rc2 Rd1 39.Rxc6 Rxd3 40.Rc2 Re3 41.e5 Kg6 42.Kf2 gxf4
43.gxf4 Rxh3 44.Rc7 Rh2+ 45.Kg3 Rxb2 46.f5+ Kxf5 47.Rxf7+ Kxe5 48.Rh7 b3
49.Rxh6 Rc2 50.Rh8 b2  0-1

[Event "zt 3.3"]
[Site "Beijing CHN"]
[Date "2005.10.25"]
[Round "9"]
[White "Liang Chong"]
[Black "Zhou Weiqi"]
[Result "1/2-1/2"]
[WhiteElo "2515"]
[BlackElo "2416"]

1.d4 d5 2.c4 c6 3.Nc3 e6 4.Nf3 Nf6 5.e3 a6 6.b3 Bb4 7.Bd2 O-O 8.Bd3 Qe7 9.O-O Nbd7
10.Qc2 e5 11.dxe5 Nxe5 12.Nxe5 Qxe5 13.Nxd5 Nxd5 14.cxd5 Bxd2 15.Qxd2 Qxd5
16.Rfd1 Qg5 17.e4 Qe7 18.Qe3 Be6 19.Qb6 Rfd8 20.Bf1 g6 21.f3 Rd7 22.Be2 Rad8
23.Rxd7 Rxd7 24.Rd1 Rxd1+ 25.Bxd1 Qd7 26.Be2 Qd2 27.Kf2 Qxa2 28.Qxb7 Bxb3
29.Qxa6 Qc2 30.Qa8+ Kg7 31.Qa1+ Kg8 32.Qa8+ Kg7 33.Qa1+ f6 34.Qa7+ Bf7 35.Qe7 Qc3
36.Qd6 g5 37.g3 c5 38.h4 gxh4  1/2-1/2

[Event "Essent Open"]
[Site "Hoogeveen NED"]
[Date "2005.10.25"]
[Round "5"]
[White "Clemens,A"]
[Black "Henrichs,T"]
[Result "1/2-1/2"]
[WhiteElo "2272"]
[BlackElo "2457"]

1.d4 d5 2.c4 c6 3.e3 Nf6 4.Nc3 e6 5.Nf3 a6 6.Bd3 dxc4 7.Bxc4 b5 8.Be2 c5
9.e4 cxd4 10.Qxd4 Qxd4 11.Nxd4 Nbd7 12.f3 Bb7 13.Be3 Bd6 14.O-O Ke7 15.Nb3 b4  1/2-1/2

[Event "5th Rohde Open"]
[Site "Sautron FRA"]
[Date "2005.10.25"]
[Round "4"]
[White "Makarov,M"]
[Black "Payen,A"]
[Result "1-0"]
[WhiteElo "2511"]
[BlackElo "2408"]

1.Nf3 d5 2.d4 Nf6 3.c4 e6 4.Nc3 c6 5.e3 a6 6.b3 Bb4 7.Bd2 Bd6 8.Bd3 Nbd7
9.O-O e5 10.cxd5 cxd5 11.e4 dxe4 12.Nxe4 Nxe4 13.Bxe4 exd4 14.Bg5 Nf6 15.Qxd4 Be7
16.Qe5 O-O 17.Rad1 Qe8 18.Rfe1 Be6 19.Bxb7 Ra7 20.Be4 Nxe4 21.Qxe4 Bc5 22.Be3 Bxe3
23.Qxe3 Qa8 24.Nd4 Bd7 25.Qf4 Re8 26.h3 a5 27.Nf5 Bxf5 28.Rxe8+ Qxe8 29.Qxf5 g6
30.Qf6 Ra8 31.Qc3 Qe7 32.Rd4 h5 33.Qe3 Qc7 34.Rc4 Qd6 35.Qd4 Qa3 36.Qd2 Qe7
37.Rd4 Qf6 38.Qf4 Qc6 39.Rc4 Qd5 40.Qd4 Rd8 41.Qxd5 Rxd5 42.Kf1 Kg7 43.Ke2 Kf6
44.Ke3 g5 45.h4 gxh4 46.Rxh4 Kg5 47.g3 f5 48.Rc4 Rd8 49.Ra4 Rd5 50.Ke2 Kg6
51.Kf3 Kg5 52.Ke3 Re5+ 53.Kd2 Rd5+ 54.Kc2 Rc5+ 55.Rc4 Rd5 56.a3 Rd8 57.b4 axb4
58.axb4 Rd5 59.Kc3 Rb5 60.Rf4 Re5 61.Kc4 Re2 62.b5 h4 63.Rxh4 Rxf2 64.b6 Rg2
65.Rh8 Rc2+  1-0

[Event "5th Rohde Open"]
[Site "Sautron FRA"]
[Date "2005.10.25"]
[Round "4"]
[White "Gerard,N"]
[Black "Pingue,R"]
[Result "1-0"]
[WhiteElo "2286"]
[BlackElo "1916"]

1.d4 d5 2.c4 c6 3.Nc3 Nf6 4.e3 e6 5.Nf3 Nbd7 6.Bd3 dxc4 7.Bxc4 b5 8.Bd3 a6
9.e4 c5 10.e5 cxd4 11.Nxb5 Nxe5 12.Nxe5 axb5 13.Bxb5+ Bd7 14.Nxd7 Qa5+ 15.Bd2 Qxb5
16.Nxf8 Rxf8 17.a4 Qxb2 18.O-O Ne4 19.Bf4 Nc3 20.Qf3 Kd7 21.Rfe1 Ra5 22.Qd3 Rd5
23.a5 Qb5 24.Qxh7 Ne2+ 25.Rxe2 Qxe2 26.Qxg7 Rf5 27.Qxd4+ Rd5 28.Qa7+ Ke8
29.h3 Rd1+ 30.Rxd1 Qxd1+ 31.Kh2 Qd7 32.Qb8+ Ke7 33.Qb4+ Ke8 34.a6 f6 35.Qb8+ Kf7
36.a7 Qd5 37.Qc7+ Kg6 38.Qd6 Qa8 39.Qd3+ Kg7 40.Bb8 e5 41.f3 Rxb8 42.Qd7+ Kg6
43.Qg4+ Kf7 44.axb8=Q Qxb8 45.Qe4 Qb2 46.h4 Qc1 47.Kg3 Qh6 48.Qf5 Kg7 49.Kh3 Qc1
50.h5 Qh6 51.Qg4+ Kf7 52.Kh4 Qc1 53.Qg6+ Ke7 54.h6 Qf4+ 55.Kh3 Qc1 56.Kg4 Qf1
57.g3 Qc4+ 58.Kh5 Qf1 59.Qf5 Qf2 60.g4 Qg2 61.h7  1-0

[Event "5th Rohde Open"]
[Site "Sautron FRA"]
[Date "2005.10.25"]
[Round "4"]
[White "Prodhomme,B"]
[Black "Sola,F"]
[Result "1/2-1/2"]
[WhiteElo "2048"]
[BlackElo "1828"]

1.d4 d5 2.c4 c6 3.Nf3 Nf6 4.Nc3 e6 5.e3 Nbd7 6.Bd3 Be7 7.Qc2 a6 8.b3 b5 9.O-O Bb7
10.Qe2 dxc4 11.bxc4 b4 12.Ne4 Nxe4 13.Bxe4 f5 14.Bc2 c5 15.Bb2 Bf6 16.Rad1 Qa5
17.e4 O-O-O 18.exf5 exf5 19.Bxf5 Rhe8 20.Bxd7+ Kxd7 21.dxc5+ Kc7 22.Be5+ Bxe5
23.Nxe5 Qxc5 24.Rxd8 Rxd8 25.Re1 g6 26.Qg4 Rd2 27.Qf4 Rxa2 28.Nd3+ Qd6 29.Re7+ Kc6
30.Nxb4+ Kc5 31.Qxd6+ Kxd6 32.Nxa2 Kxe7 33.Nc1 a5 34.f3 a4 35.Kf2 Kd6 36.Ke3 Kc5
37.Nd3+ Kxc4 38.Nb2+ Kb3 39.Nxa4 Kxa4 40.Kf4 h6 41.Ke5 Ba6 42.f4 h5 43.f5 gxf5
44.Kxf5 Bb7  1/2-1/2